[Event "2021 FIDE Online Olympiad"]
[Site "Chess.com"]
[Date "2021.08.29"]
[Round "8.6"]
[White "La Fleur, Zara"]
[Black "Sagastegui, Thamara"]
[Result "1/2-1/2"]
[WhiteElo "1299"]
[BlackElo "1282"]
[PlyCount "90"]
[EventDate "2021.08.27"]
[EventType "team"]
[EventRounds "9"]
[SourceVersionDate "2018.05.14"]
[WhiteTeam "Trinidad & Tobago"]
[BlackTeam "Aruba"]
[BlackTeamCountry "ARN"]

1. e4 e5 2. Nf3 Nc6 3. Bc4 Bc5 4. O-O Nf6 5. d3 h6 6. c3 O-O 7. a4 a5 8. Be3
Bxe3 9. fxe3 d6 10. Nbd2 Be6 11. Qb3 Qc8 12. Bxe6 fxe6 13. Nh4 Kh7 14. d4 exd4
15. exd4 e5 16. Qc2 Qe8 17. d5 Ne7 18. Qd3 Ng6 19. Nf5 Ne7 20. Qh3 Nxf5 21.
Rxf5 Qg6 22. Raf1 Rf7 23. R1f3 Kh8 24. g4 Raf8 25. Kh1 Kg8 26. Qg3 Nh7 27. h4
Rxf5 28. exf5 Qf7 29. c4 Nf6 30. g5 hxg5 31. hxg5 Qh5+ 32. Kg2 Nd7 33. Ne4 Kf7
34. g6+ Ke8 35. f6 Nxf6 36. Nxf6+ Rxf6 37. Rxf6 gxf6 38. g7 Qe2+ 39. Kg1 Qd1+
40. Kf2 Qd2+ 41. Kf1 Qd1+ 42. Kg2 Qe2+ 43. Kg1 Qd1+ 44. Kf2 Qd2+ 45. Kg1 Qd1+
1/2-1/2

[Event "2021 FIDE Online Olympiad"]
[Site "Chess.com"]
[Date "2021.08.29"]
[Round "8.1"]
[White "Almiron, Antonio"]
[Black "Savva, Marios"]
[Result "1-0"]
[WhiteElo "2329"]
[BlackElo "1777"]
[PlyCount "69"]
[EventDate "2021.08.27"]
[EventType "team"]
[EventRounds "9"]
[SourceVersionDate "2018.05.14"]
[WhiteTeam "Paraguay"]
[BlackTeam "Cyprus"]
[WhiteTeamCountry "PAR"]
[BlackTeamCountry "CYP"]

1. e4 e6 2. d3 c5 3. g3 Nc6 4. Bg2 g6 5. Nf3 Bg7 6. O-O Nge7 7. Re1 e5 8. c3
O-O 9. a3 d6 10. b4 h6 11. Nbd2 Be6 12. Nb3 b6 13. b5 Nb8 14. a4 a6 15. c4 axb5
16. axb5 Rxa1 17. Nxa1 Nd7 18. Nc2 f5 19. exf5 gxf5 20. Nh4 Nf6 21. f4 Qc7 22.
Bb2 Nd7 23. Qa1 Re8 24. Ne3 Kh7 25. Rf1 Rf8 26. Bh3 d5 27. Nxd5 Bxd5 28. cxd5
Nxd5 29. Bxf5+ Rxf5 30. Nxf5 Nb4 31. Nxg7 Kxg7 32. Bxe5+ Nxe5 33. Qxe5+ Qxe5
34. fxe5 Nxd3 35. e6 1-0

[Event "2021 FIDE Online Olympiad"]
[Site "Chess.com"]
[Date "2021.08.29"]
[Round "8.3"]
[White "Perez Rodriguez, Jennifer"]
[Black "Sokolova, Victoria"]
[Result "1-0"]
[WhiteElo "2150"]
[BlackElo "1269"]
[PlyCount "37"]
[EventDate "2021.08.27"]
[EventType "team"]
[EventRounds "9"]
[SourceVersionDate "2018.05.14"]
[WhiteTeam "Paraguay"]
[BlackTeam "Cyprus"]
[WhiteTeamCountry "PAR"]
[BlackTeamCountry "CYP"]

1. e4 e5 2. Nc3 Nf6 3. f4 Nc6 4. Nf3 Bc5 5. fxe5 Ng4 6. d4 Bb4 7. h3 Nh6 8.
Bxh6 gxh6 9. Qd2 Bxc3 10. bxc3 Ne7 11. Qxh6 Ng6 12. Bc4 d6 13. exd6 cxd6 14.
O-O Bd7 15. Bxf7+ Kxf7 16. Ne5+ Ke6 17. d5+ Kxe5 18. Qg7+ Kxe4 19. Qd4# 1-0

[Event "2021 FIDE Online Olympiad"]
[Site "Chess.com"]
[Date "2021.08.29"]
[Round "8.4"]
[White "Papeta, Ariadni"]
[Black "Vargas, Gabriela"]
[Result "0-1"]
[WhiteElo "1128"]
[BlackElo "2105"]
[PlyCount "44"]
[EventDate "2021.08.27"]
[EventType "team"]
[EventRounds "9"]
[SourceVersionDate "2018.05.14"]
[WhiteTeam "Cyprus"]
[BlackTeam "Paraguay"]
[WhiteTeamCountry "CYP"]
[BlackTeamCountry "PAR"]

1. e4 e6 2. Nf3 d5 3. exd5 exd5 4. Be2 Bd6 5. Nc3 Ne7 6. O-O Nbc6 7. d4 Bg4 8.
h3 Bf5 9. Be3 f6 10. Qd2 Qd7 11. Nb5 g5 12. Nxd6+ Qxd6 13. Rad1 h5 14. a3 O-O-O
15. g3 Bxh3 16. Rfe1 h4 17. gxh4 gxh4 18. Bf4 Rdg8+ 19. Kh2 Qd7 20. Bb5 Bg2 21.
Bxc6 Qh3+ 22. Kg1 Qh1# 0-1

[Event "2021 FIDE Online Olympiad"]
[Site "Chess.com"]
[Date "2021.08.29"]
[Round "8.5"]
[White "Melian, Juan Sebastian"]
[Black "Amvrosiades, Themistokles"]
[Result "1-0"]
[WhiteElo "1597"]
[BlackElo "1000"]
[PlyCount "99"]
[EventDate "2021.08.27"]
[EventType "team"]
[EventRounds "9"]
[SourceVersionDate "2018.05.14"]
[WhiteTeam "Paraguay"]
[BlackTeam "Cyprus"]
[WhiteTeamCountry "PAR"]
[BlackTeamCountry "CYP"]

1. e4 e5 2. Nf3 Nc6 3. Bb5 d6 4. d4 exd4 5. O-O a6 6. Bxc6+ bxc6 7. Qxd4 c5 8.
Qe3 Nf6 9. e5 Nd5 10. Qe4 Bb7 11. c4 dxe5 12. cxd5 Qxd5 13. Qxe5+ Qxe5 14. Nxe5
Bd6 15. Nc4 Be7 16. Re1 Bd5 17. Ne3 Be6 18. Nc3 O-O 19. Ned5 Bd6 20. Bf4 Bxf4
21. Nxf4 Rfe8 22. Re2 Bc4 23. Rd2 h6 24. Rad1 a5 25. Nfd5 Rac8 26. b3 Ba6 27.
Na4 c4 28. Nc5 Bb5 29. a4 c6 30. Nb6 c3 31. Rc2 Ba6 32. Nxa6 Rcd8 33. Rxd8 Rxd8
34. g3 Rd1+ 35. Kg2 Rd6 36. Nc4 Re6 37. Rxc3 c5 38. Nxc5 Rc6 39. Nxa5 Rb6 40.
b4 Rxb4 41. Nc6 Rb6 42. a5 Rxc6 43. a6 Rc7 44. Rb3 Kh7 45. Rb8 Ra7 46. Rb7 Ra8
47. a7 Kg6 48. Nd7 Kf5 49. Nb6 Rxa7 50. Rxa7 1-0

[Event "2021 FIDE Online Olympiad"]
[Site "Chess.com"]
[Date "2021.08.29"]
[Round "8.6"]
[White "Antoniou, Evalena"]
[Black "Perez Canete, Dora Romina"]
[Result "0-1"]
[WhiteElo "1000"]
[BlackElo "1374"]
[PlyCount "42"]
[EventDate "2021.08.27"]
[EventType "team"]
[EventRounds "9"]
[SourceVersionDate "2018.05.14"]
[WhiteTeam "Cyprus"]
[BlackTeam "Paraguay"]
[WhiteTeamCountry "CYP"]
[BlackTeamCountry "PAR"]

1. e4 e5 2. Nf3 d6 3. Bc4 Nc6 4. O-O Bg4 5. d3 Nf6 6. Nc3 Nd4 7. Nxd4 Bxd1 8.
Nxd1 exd4 9. Bb5+ c6 10. Bc4 Be7 11. c3 dxc3 12. Nxc3 O-O 13. Bg5 d5 14. exd5
cxd5 15. Nxd5 Nxd5 16. Bxe7 Nxe7 17. Rae1 Ng6 18. Re3 Re8 19. Rf3 Ne5 20. Bxf7+
Nxf7 21. Re1 Rxe1# 0-1

[Event "2021 FIDE Online Olympiad"]
[Site "Chess.com"]
[Date "2021.08.29"]
[Round "8.1"]
[White "Sanches, Casanova Romario"]
[Black "Cueto, Jonny"]
[Result "0-1"]
[WhiteElo "1954"]
[BlackElo "2295"]
[PlyCount "70"]
[EventDate "2021.08.27"]
[EventType "team"]
[EventRounds "9"]
[SourceVersionDate "2018.05.14"]
[WhiteTeam "Suriname"]
[BlackTeam "Bolivia"]
[WhiteTeamCountry "SUR"]
[BlackTeamCountry "BOL"]

1. d4 d6 2. c4 e5 3. dxe5 dxe5 4. Qxd8+ Kxd8 5. e4 Be6 6. Nf3 f6 7. Nc3 c6 8.
Be3 Kc7 9. O-O-O Na6 10. h3 Bc5 11. Bxc5 Nxc5 12. g4 Ne7 13. Nh4 Ng6 14. Nf5
Bxf5 15. gxf5 Nf4 16. Rg1 g5 17. h4 h6 18. b4 Na6 19. a3 Rag8 20. hxg5 Rxg5 21.
Rxg5 hxg5 22. c5 Nb8 23. Bc4 b6 24. Rd6 Rh6 25. Kd2 bxc5 26. bxc5 Nd7 27. Na4
Nxc5 28. Nxc5 Kxd6 29. Nb7+ Kc7 30. Nc5 Rh2 31. Ke3 Rh3+ 32. f3 g4 33. Ne6+
Nxe6 34. fxe6 Rxf3+ 35. Ke2 Rxa3 0-1

[Event "2021 FIDE Online Olympiad"]
[Site "Chess.com"]
[Date "2021.08.29"]
[Round "8.2"]
[White "Ferrufino, Boris"]
[Black "Panchoe, Pratul"]
[Result "1-0"]
[WhiteElo "2091"]
[BlackElo "1837"]
[PlyCount "123"]
[EventDate "2021.08.27"]
[EventType "team"]
[EventRounds "9"]
[SourceVersionDate "2018.05.14"]
[WhiteTeam "Bolivia"]
[BlackTeam "Suriname"]
[WhiteTeamCountry "BOL"]
[BlackTeamCountry "SUR"]

1. d4 c6 2. Nf3 d5 3. e3 Nf6 4. Be2 Bf5 5. O-O e6 6. Nbd2 Nbd7 7. c4 Bd6 8. b3
O-O 9. a4 a5 10. Ba3 Qe7 11. Bxd6 Qxd6 12. Nh4 Bg6 13. Nxg6 hxg6 14. Bd3 e5 15.
cxd5 cxd5 16. dxe5 Nxe5 17. Nf3 Rac8 18. Nd4 Qb4 19. Be2 Ne4 20. Rc1 Nc3 21.
Qd2 Rfd8 22. Rc2 Nxe2+ 23. Qxe2 Rc5 24. Rfc1 Rdc8 25. Rxc5 Rxc5 26. Rxc5 Qxc5
27. Qc2 Qb4 28. Kf1 Nc6 29. Nxc6 bxc6 30. Qxc6 Qxb3 31. Qe8+ Kh7 32. g3 Qb1+
33. Kg2 f6 34. Qe6 Qb7 35. Kg1 Qb1+ 36. Kg2 Qb7 37. Kh3 Qb4 38. Qd7 Qe4 39. Qg4
f5 40. Qxe4 dxe4 41. g4 Kh6 42. Kg3 Kg5 43. h4+ Kf6 44. Kf4 Ke6 45. Kg5 fxg4
46. Kxg6 g3 47. fxg3 Kd5 48. Kxg7 Kc4 49. h5 Kd3 50. h6 Kxe3 51. h7 Kf2 52.
h8=Q e3 53. Qe8 e2 54. g4 e1=Q 55. Qxe1+ Kxe1 56. g5 Kd2 57. g6 Kc3 58. Kf7 Kb3
59. g7 Kxa4 60. g8=Q Ka3 61. Qb8 a4 62. Qb5 1-0

[Event "2021 FIDE Online Olympiad"]
[Site "Chess.com"]
[Date "2021.08.29"]
[Round "8.3"]
[White "dos Ramos, Rosangela"]
[Black "Estrada, Lucia"]
[Result "0-1"]
[WhiteElo "1765"]
[BlackElo "1931"]
[PlyCount "66"]
[EventDate "2021.08.27"]
[EventType "team"]
[EventRounds "9"]
[SourceVersionDate "2018.05.14"]
[WhiteTeam "Suriname"]
[BlackTeam "Bolivia"]
[WhiteTeamCountry "SUR"]
[BlackTeamCountry "BOL"]

1. e4 e6 2. d3 d5 3. Nd2 Nf6 4. Ngf3 c5 5. g3 b6 6. Bg2 Bb7 7. Qe2 dxe4 8. Nxe4
Nxe4 9. dxe4 Nc6 10. Bf4 f6 11. Rd1 Qc8 12. O-O e5 13. Bc1 Ba6 14. c4 Nd4 15.
Nxd4 cxd4 16. b3 Bc5 17. Kh1 O-O 18. f4 Qd7 19. fxe5 fxe5 20. Qh5 Rae8 21. Bh3
Qc6 22. Qg4 Bc8 23. Qh4 Bxh3 24. Qxh3 Qxe4+ 25. Qg2 Qxg2+ 26. Kxg2 e4 27. Rxf8+
Rxf8 28. Bf4 h6 29. Re1 g5 30. Be5 e3 31. Rf1 Re8 32. Bc7 e2 33. Re1 d3 0-1

[Event "2021 FIDE Online Olympiad"]
[Site "Chess.com"]
[Date "2021.08.29"]
[Round "8.4"]
[White "Kilibarda Acebey, Veroska Isabela"]
[Black "Kaslan, Alexandra"]
[Result "1-0"]
[WhiteElo "1254"]
[BlackElo "1435"]
[PlyCount "137"]
[EventDate "2021.08.27"]
[EventType "team"]
[EventRounds "9"]
[SourceVersionDate "2018.05.14"]
[WhiteTeam "Bolivia"]
[BlackTeam "Suriname"]
[WhiteTeamCountry "BOL"]
[BlackTeamCountry "SUR"]

1. e4 e6 2. d4 d5 3. Nc3 Nf6 4. e5 Nfd7 5. f4 c5 6. Nf3 Nc6 7. Be3 Qb6 8. Rb1
cxd4 9. Nxd4 Bc5 10. Nce2 Qa5+ 11. Bd2 Qb6 12. Bc3 O-O 13. a3 a5 14. h4 Nxd4
15. Bxd4 Bxd4 16. Qxd4 Qxd4 17. Nxd4 Nc5 18. Be2 Ne4 19. Rh3 Bd7 20. g4 Rac8
21. c3 f6 22. exf6 Rxf6 23. Rf3 Rcf8 24. f5 exf5 25. gxf5 Bxf5 26. Kd1 Nxc3+
27. Rxc3 Bxb1 28. Rc7 Rb6 29. Kc1 Be4 30. Bg4 Rf1+ 31. Kd2 Rf2+ 32. Kc3 Rc6+
33. Nxc6 Rc2+ 34. Kd4 bxc6 35. Ke5 h6 36. h5 Kh7 37. Be6 Bf3 38. Bf5+ Kg8 39.
Be6+ Kf8 40. Rf7+ Ke8 41. Rxf3 Ke7 42. Rf7+ Ke8 43. Kd6 Re2 44. Rxg7 Rxe6+ 45.
Kxe6 Kf8 46. Rc7 Kg8 47. Rxc6 Kg7 48. Kxd5 Kf7 49. Kc5 Ke7 50. Kb5 Kd7 51. Kxa5
Kxc6 52. Kb4 Kb6 53. a4 Ka6 54. a5 Kb7 55. Kb5 Kc7 56. a6 Kd6 57. Kb6 Ke5 58.
a7 Kf5 59. a8=Q Kg5 60. Qd5+ Kf6 61. b4 Ke7 62. Kc5 Kf6 63. b5 Ke7 64. b6 Kf8
65. b7 Kg7 66. b8=R Kf6 67. Rb6+ Ke7 68. Qb7+ Kd8 69. Rc6 1-0

[Event "2021 FIDE Online Olympiad"]
[Site "Chess.com"]
[Date "2021.08.29"]
[Round "8.5"]
[White "Kalidjo, Imaan"]
[Black "Titichoca Daza, Daniel"]
[Result "0-1"]
[WhiteElo "1692"]
[BlackElo "2135"]
[PlyCount "32"]
[EventDate "2021.08.27"]
[EventType "team"]
[EventRounds "9"]
[SourceVersionDate "2018.05.14"]
[WhiteTeam "Suriname"]
[BlackTeam "Bolivia"]
[WhiteTeamCountry "SUR"]
[BlackTeamCountry "BOL"]

1. d4 Nf6 2. g3 c5 3. e3 d5 4. Bg2 Nc6 5. c3 e5 6. Ne2 e4 7. b3 b6 8. Bb2 a5 9.
Na3 Be7 10. Qd2 O-O 11. O-O a4 12. Rfd1 Bg4 13. h3 Bf3 14. Kh2 axb3 15. Bxf3
exf3 16. Ng1 cxd4 0-1

[Event "2021 FIDE Online Olympiad"]
[Site "Chess.com"]
[Date "2021.08.29"]
[Round "8.6"]
[White "Beltran Salvador, Milka"]
[Black "Kaslan, Victoria"]
[Result "1-0"]
[WhiteElo "1496"]
[BlackElo "1310"]
[PlyCount "119"]
[EventDate "2021.08.27"]
[EventType "team"]
[EventRounds "9"]
[SourceVersionDate "2018.05.14"]
[WhiteTeam "Bolivia"]
[BlackTeam "Suriname"]
[WhiteTeamCountry "BOL"]
[BlackTeamCountry "SUR"]

1. d4 Nf6 2. c4 d6 3. Nc3 g6 4. e4 Bg7 5. h3 Nbd7 6. Bd3 e5 7. d5 Nc5 8. Bg5
O-O 9. Nge2 h6 10. Be3 Nxd3+ 11. Qxd3 Ne8 12. Qd2 Kh7 13. g4 Bd7 14. Ng3 a6 15.
a4 Qh4 16. Nce2 Rb8 17. Ba7 Ra8 18. Be3 Rb8 19. a5 f5 20. exf5 gxf5 21. gxf5
Nf6 22. Ng1 Ne4 23. Nf3 Nxd2 24. Nxh4 Nxc4 25. Bc1 b6 26. b4 bxa5 27. bxa5 Rb5
28. Bd2 Nxd2 29. Kxd2 Rxd5+ 30. Ke3 Rd4 31. Ng6 Rf7 32. Rhc1 c5 33. Rab1 Bb5
34. Rd1 Bf6 35. Ne2 Rxd1 36. Rxd1 Rd7 37. Nf8+ Kg8 38. Nxd7 Bxd7 39. Rxd6 Bg5+
40. f4 exf4+ 41. Nxf4 Bxf5 42. Rxa6 Bxh3 43. Rc6 Bf1 44. Rxc5 Kf7 45. Kf3 Kf6
46. Nd5+ Ke6 47. Ne3 Bxe3 48. Kxe3 Kd6 49. Rh5 Kc6 50. Rxh6+ Kb7 51. Kd4 Ka7
52. Kc5 Bg2 53. Rg6 Bf1 54. Rf6 Bg2 55. Kb5 Bb7 56. Rf7 Kb8 57. Kb6 Bc8 58. a6
Ka8 59. Rf8 Kb8 60. Re8 1-0

[Event "2021 FIDE Online Olympiad"]
[Site "Chess.com"]
[Date "2021.08.29"]
[Round "8.1"]
[White "Matola, Ernest"]
[Black "Araujo Sanchez, Josue"]
[Result "0-1"]
[WhiteElo "1812"]
[BlackElo "2066"]
[PlyCount "90"]
[EventDate "2021.08.27"]
[EventType "team"]
[EventRounds "9"]
[SourceVersionDate "2018.05.14"]
[WhiteTeam "Malawi"]
[BlackTeam "Dominican Republic"]
[WhiteTeamCountry "MWI"]
[BlackTeamCountry "DOM"]

1. Nf3 g6 2. g3 Bg7 3. Bg2 c5 4. d3 Nc6 5. O-O e6 6. Nbd2 Nge7 7. e4 O-O 8. c3
b6 9. Qc2 d5 10. Re1 Ba6 11. Bf1 Qd7 12. h4 h6 13. h5 g5 14. exd5 exd5 15. Bg2
Qf5 16. c4 Rad8 17. Qa4 Bc8 18. cxd5 Rxd5 19. Nh2 Rd4 20. Qd1 Qd7 21. Bf1 Ba6
22. Ndf3 Rd5 23. Qa4 Bxd3 24. a3 Bxf1 25. Nxf1 Nd4 26. Qd1 g4 27. Nxd4 Bxd4 28.
Qe2 Re5 29. Ne3 Nd5 30. Qd1 Rfe8 31. Bd2 Bxe3 32. Bxe3 Qf5 33. Qd2 Qxh5 34. Bf4
Nxf4 35. gxf4 Rxe1+ 36. Rxe1 Rxe1+ 37. Qxe1 Qf5 38. Qe8+ Kg7 39. Qb8 Qb1+ 40.
Kg2 Qxb2 41. Qxa7 h5 42. Qe7 Qf6 43. Qe4 h4 44. f3 Qb2+ 45. Kf1 g3 0-1

[Event "2021 FIDE Online Olympiad"]
[Site "Chess.com"]
[Date "2021.08.29"]
[Round "8.2"]
[White "Polanco Nunez, Yoel Estarling"]
[Black "Mwangupili, Francisco"]
[Result "1-0"]
[WhiteElo "2222"]
[BlackElo "1874"]
[PlyCount "97"]
[EventDate "2021.08.27"]
[EventType "team"]
[EventRounds "9"]
[SourceVersionDate "2018.05.14"]
[WhiteTeam "Dominican Republic"]
[BlackTeam "Malawi"]
[WhiteTeamCountry "DOM"]
[BlackTeamCountry "MWI"]

1. c4 g6 2. Nc3 Bg7 3. g3 Nf6 4. Bg2 O-O 5. Nf3 d6 6. d4 Nc6 7. O-O e5 8. d5
Ne7 9. e4 h6 10. Ne1 Nh5 11. Nd3 Kh7 12. f4 f6 13. f5 Bh8 14. g4 Ng7 15. Be3 g5
16. b4 a5 17. a3 Bd7 18. Qb3 b6 19. c5 bxc5 20. bxc5 Qb8 21. Rfb1 Qxb3 22. Rxb3
Rfb8 23. Rab1 Rxb3 24. Rxb3 h5 25. h3 hxg4 26. hxg4 Ne8 27. Bf1 Bg7 28. Nb2 Bf8
29. Nc4 Kg7 30. c6 Bc8 31. Rb5 Kf7 32. Rxa5 Rb8 33. Rb5 Ra8 34. a4 Ng8 35. Kg2
Nh6 36. Be2 Ke7 37. Kf3 Kd8 38. Ra5 Rb8 39. Nb5 Be7 40. Nca3 Bf8 41. Nc2 Nf7
42. Nb4 Nh8 43. Ra7 Nf7 44. Na6 Bxa6 45. Rxa6 Kc8 46. Ra7 Kd8 47. a5 Kc8 48.
Nxc7 Nxc7 49. Bb6 1-0

[Event "2021 FIDE Online Olympiad"]
[Site "Chess.com"]
[Date "2021.08.29"]
[Round "8.3"]
[White "Shriyan Santosh, Priyasha"]
[Black "Santos Almonte, Carol"]
[Result "1-0"]
[WhiteElo "1542"]
[BlackElo "1680"]
[PlyCount "125"]
[EventDate "2021.08.27"]
[EventType "team"]
[EventRounds "9"]
[SourceVersionDate "2018.05.14"]
[WhiteTeam "Malawi"]
[BlackTeam "Dominican Republic"]
[WhiteTeamCountry "MWI"]
[BlackTeamCountry "DOM"]

1. Nf3 d5 2. g3 c5 3. Bg2 Nc6 4. d3 f6 5. Nbd2 e5 6. e4 d4 7. a4 Be6 8. O-O Qd7
9. Qe2 Bd6 10. c3 Nge7 11. Re1 Ng6 12. Nc4 Be7 13. cxd4 cxd4 14. b3 Bh3 15. Bh1
Bb4 16. Bd2 Bxd2 17. Nfxd2 h5 18. b4 Nxb4 19. Reb1 Nc6 20. Rxb7 Qe6 21. Nb3
Nce7 22. Rb1 Bg4 23. f3 Bh3 24. Na3 Qc6 25. Na5 Qxa4 26. N5c4 O-O 27. R1b4 Qc6
28. Qa2 Kh7 29. Qe2 Be6 30. Bg2 Bc8 31. Rb8 Rxb8 32. Rxb8 Be6 33. Rxf8 Nxf8 34.
f4 Bg4 35. Bf3 Bxf3 36. Qxf3 Kh6 37. fxe5 Nfg6 38. exf6 gxf6 39. Qf2 Qa4 40.
Qd2+ Kg7 41. Kg2 Qb3 42. Qe2 Qc3 43. Nb5 Qa1 44. e5 Nc6 45. exf6+ Kxf6 46. Qf3+
Kg5 47. Qxc6 a5 48. Qc5+ Kh6 49. Qxd4 Qa2+ 50. Qf2 Qb3 51. Qd2+ Kh7 52. Nxa5
Qxb5 53. Nc4 Qc6+ 54. Kg1 Qc5+ 55. Qe3 Qb4 56. Kg2 Qb3 57. Qf3 Qc2+ 58. Kh3 Qa4
59. Qxh5+ Kg7 60. Qg4 Kh6 61. Qf3 Qd7+ 62. Kg2 Qd4 63. Qe3+ 1-0

[Event "2021 FIDE Online Olympiad"]
[Site "Chess.com"]
[Date "2021.08.29"]
[Round "8.4"]
[White "Diaz Cesar, Wilsaida Pieranlly"]
[Black "Chisale, Mary"]
[Result "1-0"]
[WhiteElo "1867"]
[BlackElo "1000"]
[PlyCount "55"]
[EventDate "2021.08.27"]
[EventType "team"]
[EventRounds "9"]
[SourceVersionDate "2018.05.14"]
[WhiteTeam "Dominican Republic"]
[BlackTeam "Malawi"]
[WhiteTeamCountry "DOM"]
[BlackTeamCountry "MWI"]

1. d4 d5 2. c4 e6 3. Nf3 Nf6 4. Bg5 Nc6 5. e3 Be7 6. Nc3 O-O 7. Bd3 b6 8. O-O
Ba6 9. Qe2 Qd6 10. Bf4 Qd8 11. cxd5 Bxd3 12. Qxd3 exd5 13. Rac1 a6 14. a3 Bd6
15. Bg5 Be7 16. Qf5 Na5 17. Bxf6 Bxf6 18. Nxd5 Be7 19. Nxe7+ Qxe7 20. Ng5 g6
21. Qf4 f6 22. Nf3 Nb3 23. Rc3 Na5 24. Rxc7 Qd8 25. Rfc1 Kh8 26. Qh6 Qxc7 27.
Rxc7 Rac8 28. Qxh7# 1-0

[Event "2021 FIDE Online Olympiad"]
[Site "Chess.com"]
[Date "2021.08.29"]
[Round "8.5"]
[White "Kaliba, Andrew"]
[Black "Mesa Cruz, Juan Carlos"]
[Result "0-1"]
[WhiteElo "1000"]
[BlackElo "2040"]
[PlyCount "66"]
[EventDate "2021.08.27"]
[EventType "team"]
[EventRounds "9"]
[SourceVersionDate "2018.05.14"]
[WhiteTeam "Malawi"]
[BlackTeam "Dominican Republic"]
[WhiteTeamCountry "MWI"]
[BlackTeamCountry "DOM"]

1. e4 c5 2. Nc3 e6 3. g3 Nc6 4. Bg2 g6 5. Nge2 Bg7 6. d3 Nge7 7. O-O a6 8. a4
O-O 9. Be3 b6 10. Qd2 Bb7 11. Bh6 d5 12. Bxg7 Kxg7 13. exd5 Nxd5 14. Ne4 h6 15.
Rfe1 Qe7 16. Nf4 Nxf4 17. Qxf4 e5 18. Qg4 f5 19. Qe2 Nd4 20. Qd2 fxe4 21. dxe4
Rad8 22. Qc3 Qf7 23. f3 a5 24. Re3 Ba6 25. Rae1 Qc4 26. b3 Qxc3 27. Rxc3 Ne2+
28. Rxe2 Bxe2 29. Bf1 Rxf3 30. Rxf3 Bxf3 31. Bd3 Rxd3 32. cxd3 Bd1 33. Kf2 Bxb3
0-1

[Event "2021 FIDE Online Olympiad"]
[Site "Chess.com"]
[Date "2021.08.29"]
[Round "8.6"]
[White "Ramirez Luzon, Franchesca"]
[Black "Dutt, Lakshita"]
[Result "1-0"]
[WhiteElo "1743"]
[BlackElo "1715"]
[PlyCount "50"]
[EventDate "2021.08.27"]
[EventType "team"]
[EventRounds "9"]
[SourceVersionDate "2018.05.14"]
[WhiteTeam "Dominican Republic"]
[BlackTeam "Malawi"]
[WhiteTeamCountry "DOM"]
[BlackTeamCountry "MWI"]

1. e4 e5 2. Nf3 Nc6 3. Bb5 a6 4. Ba4 Nf6 5. O-O b5 6. Bb3 Bc5 7. d3 d6 8. c3
O-O 9. h3 Bb7 10. Be3 Bb6 11. Nbd2 h6 12. d4 exd4 13. cxd4 Nh7 14. Rc1 Kh8 15.
Bd5 Na5 16. b4 Nc4 17. Nxc4 Bxd5 18. Nxb6 cxb6 19. exd5 Nf6 20. Nh4 Nxd5 21.
Qh5 Qd7 22. Qxd5 Rac8 23. Qh5 Qe6 24. d5 Qe4 25. Nf5 Kg8 1-0

[Event "2021 FIDE Online Olympiad"]
[Site "Chess.com"]
[Date "2021.08.29"]
[Round "8.2"]
[White "Roselli Mailhe, Bernardo"]
[Black "Gabriel, Davidson"]
[Result "1-0"]
[WhiteElo "2442"]
[BlackElo "1915"]
[PlyCount "109"]
[EventDate "2021.08.27"]
[EventType "team"]
[EventRounds "9"]
[SourceVersionDate "2018.05.14"]
[WhiteTeam "Uruguay"]
[BlackTeam "Haiti"]
[WhiteTeamCountry "URU"]
[BlackTeamCountry "HAI"]

1. d4 d5 2. c4 c6 3. Nf3 Nf6 4. e3 e6 5. Nc3 Nbd7 6. Qc2 Bb4 7. Bd2 Bxc3 8.
Bxc3 Ne4 9. Bd3 Nxc3 10. bxc3 dxc4 11. Bxc4 O-O 12. O-O Qe7 13. e4 e5 14. Rfe1
c5 15. d5 Nb6 16. Bf1 Bg4 17. Nd2 Rad8 18. a4 Rd6 19. f3 Bc8 20. a5 Nd7 21. Nc4
Rh6 22. Qf2 b5 23. axb6 axb6 24. Ra7 b5 25. Ne3 Qd8 26. Bxb5 Qb6 27. Rxd7 Qxb5
28. Ra7 Qb3 29. Qc2 Qb8 30. Rea1 Rb6 31. Nc4 Rb7 32. Rxb7 Bxb7 33. Qb3 Qc7 34.
Qb6 Qxb6 35. Nxb6 f5 36. Ra7 Bc8 37. Ra8 Bb7 38. Rxf8+ Kxf8 39. Nd7+ Ke7 40.
Nxc5 Bc8 41. Kf2 fxe4 42. fxe4 Kd6 43. Nd3 Ba6 44. Ke3 Bc4 45. g3 g5 46. Ne1 g4
47. Ng2 Ba6 48. Nh4 Bc8 49. Kd3 Kc5 50. Nf5 Bd7 51. Nh6 Bb5+ 52. Kd2 Be8 53.
Nxg4 Kd6 54. Ne3 Bd7 55. Nc4+ 1-0

[Event "2021 FIDE Online Olympiad"]
[Site "Chess.com"]
[Date "2021.08.29"]
[Round "8.3"]
[White "Seine, Rose Berline"]
[Black "Quevedo, Andreina"]
[Result "1/2-1/2"]
[WhiteElo "1679"]
[BlackElo "1843"]
[PlyCount "149"]
[EventDate "2021.08.27"]
[EventType "team"]
[EventRounds "9"]
[SourceVersionDate "2018.05.14"]
[WhiteTeam "Haiti"]
[BlackTeam "Uruguay"]
[WhiteTeamCountry "HAI"]
[BlackTeamCountry "URU"]

1. e4 e5 2. Nf3 Nc6 3. Bc4 Bc5 4. d3 Nf6 5. Nc3 h6 6. Be3 Bb6 7. a3 d6 8. Na4
Bxe3 9. fxe3 Bg4 10. O-O a6 11. Nc3 O-O 12. Qe1 Ne7 13. h3 Be6 14. Ba2 c6 15.
Qg3 Qb6 16. Nd1 Bxa2 17. Rxa2 Ng6 18. Nh4 Nxh4 19. Qxh4 Rac8 20. Qg3 Kh7 21. b3
Qc7 22. Qf3 d5 23. Nf2 dxe4 24. Nxe4 Nxe4 25. Qxe4+ g6 26. Qf3 f5 27. Raa1 Qd6
28. a4 Qc5 29. Rac1 f4 30. Rfe1 Kg7 31. Kh1 Rf7 32. exf4 exf4 33. Re6 Rcf8 34.
Qe4 Qf5 35. Qxf5 Rxf5 36. Rce1 g5 37. Re7+ R8f7 38. Kg1 b5 39. Kf2 bxa4 40.
bxa4 a5 41. R7e5 h5 42. Kf3 Kg6 43. Rxf5 Kxf5 44. d4 g4+ 45. hxg4+ hxg4+ 46.
Kf2 Rd7 47. Re5+ Kf6 48. c3 Rd5 49. Re4 Kf5 50. Re2 c5 51. dxc5 Rxc5 52. Re8
Rxc3 53. Rf8+ Ke5 54. Re8+ Kd4 55. Rd8+ Ke4 56. Re8+ Kd5 57. Rd8+ Kc4 58. Rf8
Rc2+ 59. Kf1 Rc1+ 60. Ke2 Rc2+ 61. Kf1 f3 62. gxf3 gxf3 63. Rxf3 Ra2 64. Ke1
Rxa4 65. Rf4+ Kb3 66. Rxa4 Kxa4 67. Kd2 Ka3 68. Kc3 Ka2 69. Kc2 a4 70. Kc1 Ka1
71. Kc2 a3 72. Kc1 Ka2 73. Kc2 Ka1 74. Kc1 a2 75. Kc2 1/2-1/2

[Event "2021 FIDE Online Olympiad"]
[Site "Chess.com"]
[Date "2021.08.29"]
[Round "8.4"]
[White "De Leon, Daiana"]
[Black "Paul, Theophane"]
[Result "0-1"]
[WhiteElo "1624"]
[BlackElo "1493"]
[PlyCount "104"]
[EventDate "2021.08.27"]
[EventType "team"]
[EventRounds "9"]
[SourceVersionDate "2018.05.14"]
[WhiteTeam "Uruguay"]
[BlackTeam "Haiti"]
[WhiteTeamCountry "URU"]
[BlackTeamCountry "HAI"]

1. d4 d5 2. c4 c6 3. Nf3 Nf6 4. Qb3 e6 5. g3 Nbd7 6. Bg2 Be7 7. O-O Qb6 8. c5
Qxb3 9. axb3 b6 10. b4 O-O 11. Nc3 Bb7 12. Bf4 a5 13. bxa5 bxc5 14. dxc5 Nxc5
15. b4 Nce4 16. Na2 c5 17. bxc5 Bxc5 18. e3 Rxa5 19. Ne5 Bd6 20. Nd3 Bxf4 21.
Nxf4 Rfa8 22. Rfb1 Bc8 23. Rc1 Bd7 24. Rc2 Bb5 25. Bf1 Bxf1 26. Kxf1 h6 27. Nd3
Kf8 28. Ndb4 Nd6 29. Rac1 Kg8 30. Rc7 Nc4 31. Nc3 Ra1 32. Rxa1 Rxa1+ 33. Kg2
Rc1 34. Nb5 Rb1 35. Nd6 Rxb4 36. Nxf7 Rb2 37. Nd8 Nxe3+ 38. Kf3 Nc4 39. Nxe6
Rd2 40. Rxg7+ Kh8 41. Rg6 Ne4 42. Rxh6+ Kg8 43. Kg4 Rxf2 44. Nf4 Rd2 45. Kf5
Kg7 46. Rg6+ Kf7 47. Ne6 Rxh2 48. Rg7+ Ke8 49. Nc7+ Kf8 50. Ne6+ Ke8 51. Nc7+
Kd8 52. Nxd5 Rh5+ 0-1